000 00554nam a2200193Ia 4500
005 20250508165323.0
008 008 250505s9999 xx 000 0 eng d
037 _aDissertations
040 _aFEDL
_beng
_cFEDL
041 _aeng
_2eng
084 _a323.4, SHA/DI
_qFEDL
100 _aSharma Bhageshwari
_9780490
245 0 _aImportance of human rights education
260 _c2013
300 _a65p.
546 _aM.Ed. Dissertation, (Delhi University); C D Included
942 _cDIS
_h323.4, SHA/DI
999 _c1394432
_d1394432